| 000 -LEADER |
| fixed length control field |
nam a22 a 4500 |
| 003 - CONTROL NUMBER IDENTIFIER |
| control field |
AM-YeNLA |
| 005 - DATE AND TIME OF LATEST TRANSACTION |
| control field |
20260418141521.0 |
| 007 - PHYSICAL DESCRIPTION FIXED FIELD--GENERAL INFORMATION |
| fixed length control field |
ta |
| 008 - FIXED-LENGTH DATA ELEMENTS--GENERAL INFORMATION |
| fixed length control field |
260418s2025 ai ||||gr|||||000|0|arm|| |
| 020 ## - INTERNATIONAL STANDARD BOOK NUMBER |
| International Standard Book Number |
978-9939-59-356-2 |
| 040 ## - CATALOGING SOURCE |
| Language of cataloging |
arm |
| Transcribing agency |
AM-YeNLA |
| 041 0# - LANGUAGE CODE |
| Language code of text/sound track or separate title |
arm |
| 100 1# - MAIN ENTRY--PERSONAL NAME |
| Personal name |
Տիգրանյան, Արմինե |
| 245 10 - TITLE STATEMENT |
| Title |
Արցախի մշակութային ժառանգության ոչնչացման և բռնայուրացման՝ Ադրբեջանի քաղաքականությունը (2020-2025 թթ.) / |
| Statement of responsibility, etc. |
Ա. Տիգրանյան ; Լեզվաոճական խմբագիր և սրբագրիչ՝ Ս. Գրիգորյան ; Կաթողիկոսություն Ամենայն Հայոց. |
| 246 15 - VARYING FORM OF TITLE |
| Title proper/short title |
Azerbaijan's policy of destruction and expropriation of the cultural heritage of Artsakh (2020-2025) |
| 246 15 - VARYING FORM OF TITLE |
| Title proper/short title |
Политика Азербайджана по уничтожению и экспроприации культурного наследия Арцаха |
| 260 ## - PUBLICATION, DISTRIBUTION, ETC. (IMPRINT) |
| Place of publication, distribution, etc. |
Ս. Էջմիածին : |
| Name of publisher, distributor, etc. |
Մայր աթոռ սուրբ Էջմիածնի հրատ., |
| Date of publication, distribution, etc. |
2025. |
| 300 ## - PHYSICAL DESCRIPTION |
| Extent |
287 էջ + [8] ներդիր էջ ։ |
| Other physical details |
գուն. նկարներ ; |
| Dimensions |
20 սմ. |
| 504 ## - BIBLIOGRAPHY, ETC. NOTE |
| Bibliography, etc |
Գրականության ցանկ՝ էջ 253-287։ |
| 504 ## - BIBLIOGRAPHY, ETC. NOTE |
| Bibliography, etc |
Տողատակերում՝ մատենագիտական ծանոթագրություններ։ |
| 650 14 - SUBJECT ADDED ENTRY--TOPICAL TERM |
| Topical term or geographic name as entry element |
Արտաքին քաղաքականություն |
| Geographic subdivision |
Ադրբեջանի Հանրապետություն |
| 650 14 - SUBJECT ADDED ENTRY--TOPICAL TERM |
| Topical term or geographic name as entry element |
Մշակութային ժառանգության ոչնչացում |
| Geographic subdivision |
Արցախ |
| 650 14 - SUBJECT ADDED ENTRY--TOPICAL TERM |
| Topical term or geographic name as entry element |
Պատմական ժամանակների մշակութային մնացորդներ |
| 651 #4 - SUBJECT ADDED ENTRY--GEOGRAPHIC NAME |
| Geographic name |
Արցախի Հանրապետություն |
| General subdivision |
Պատմություն |
| 700 1# - ADDED ENTRY--PERSONAL NAME |
| Personal name |
Գրիգորյան, Սիրանուշ |
| Relator term |
խմբագիր |
| Relator code |
edt |
| Relator term |
սրբագրիչ |
| Relator code |
crr |
| 710 2# - ADDED ENTRY--CORPORATE NAME |
| Corporate name or jurisdiction name as entry element |
Կաթողիկոսություն Ամենայն Հայոց |
| 942 ## - ADDED ENTRY ELEMENTS (KOHA) |
| Source of classification or shelving scheme |
|
| Koha item type |
Books |